Dictionary AL KAFI : (Record no. 168949)

MARC details
000 -LEADER
fixed length control field 01017nam a22003257a 4500
003 - CONTROL NUMBER IDENTIFIER
control field OSt
005 - DATE AND TIME OF LATEST TRANSACTION
control field 20180821085645.0
007 - PHYSICAL DESCRIPTION FIXED FIELD--GENERAL INFORMATION
fixed length control field ta
008 - FIXED-LENGTH DATA ELEMENTS--GENERAL INFORMATION
fixed length control field 180723b my aco|e |||| 00| 0 ara d
020 ## - INTERNATIONAL STANDARD BOOK NUMBER
International Standard Book Number 9786144088005
Terms of availability RM55.00
Qualifying information paperback
040 ## - CATALOGING SOURCE
Original cataloging agency PPAK
Language of cataloging eng
Transcribing agency PPAK
Description conventions rda
041 1# - LANGUAGE CODE
Language code of text/sound track or separate title Arabic
Language code of text/sound track or separate title English
082 04 - DEWEY DECIMAL CLASSIFICATION NUMBER
Edition number 23
Classification number 492.7321
090 00 - LOCALLY ASSIGNED LC-TYPE CALL NUMBER (OCLC); LOCAL CALL NUMBER (RLIN)
Classification number (OCLC) (R) ; Classification number, CALL (RLIN) (NR) 492.7321
Feature heading DIC
Feature heading R
100 ## - MAIN ENTRY--PERSONAL NAME
Relator code author.
245 10 - TITLE STATEMENT
Title Dictionary AL KAFI :
Remainder of title ENGLISH - ARABIC /
250 ## - EDITION STATEMENT
Edition statement Fifth Edition
264 1# - PRODUCTION, PUBLICATION, DISTRIBUTION, MANUFACTURE, AND COPYRIGHT NOTICE
Place of production, publication, distribution, manufacture Beirut :
Name of producer, publisher, distributor, manufacturer Learning ;
Date of production, publication, distribution, manufacture, or copyright notice 2014 - 2015
300 ## - PHYSICAL DESCRIPTION
Extent 379 pages :
Other physical details colour photographs ;
Dimensions 21 cm
336 ## - CONTENT TYPE
Source rdacontent
Content type term text
337 ## - MEDIA TYPE
Source rdamedia
Media type term unmediated
338 ## - CARRIER TYPE
Source rdacarrier
Carrier type term volume
500 ## - GENERAL NOTE
General note More Than 20000 Words, 250 Drawing & Illustrations, The Human Body and World Atlas.
546 ## - LANGUAGE NOTE
Language note Parallel Arabic and English text
650 10 - SUBJECT ADDED ENTRY--TOPICAL TERM
Topical term or geographic name entry element Arabic language
Form subdivision Dictionaries
General subdivision English
Topical term or geographic name entry element English language
Form subdivision Dictionaries
General subdivision Arabic
Topical term or geographic name entry element Picture
Form subdivision Dictionaries
General subdivision Arabic
942 ## - ADDED ENTRY ELEMENTS (KOHA)
Source of classification or shelving scheme Dewey Decimal Classification
Koha item type Book
Holdings
Withdrawn Not for loan Current library Shelving location Date acquired Full call number Barcode Date last seen Koha item type
  Not For Loan Perpustakaan Alor Setar Rujukan Dewasa 06/12/2018 R 492.7321 DIC A01586274 06/12/2018 Book